Vista normal
Vista MARC
Entrada Materia (personas)
Número de registros utilizados en: 1
001 - CONTROL NUMBER
- control field: 99967
003 - CONTROL NUMBER IDENTIFIER
- control field: Co-BoUCM
005 - DATE AND TIME OF LATEST TRANSACTION
- control field: 20200228131053.0
008 - FIXED-LENGTH DATA ELEMENTS
- fixed length control field: 200228|| aca||aabn | a|a d
040 ## - CATALOGING SOURCE
- Original cataloging agency: Co-BoUCM
- Transcribing agency: Co-BoUCM
100 ## - HEADING--PERSONAL NAME
- Personal name: Roselly de Lorgues, Antoine-François-Félix
- Titles and other words associated with a name: Conde
- Dates associated with a name: 1805-1898.
670 ## - SOURCE DATA FOUND
- Source citation: Work cat.: (Co-BoUCM)73778: Roselly de Lorgues, Antoine-François-Félix Conde 1805-1898., Cristo ante el siglo,, 1845